[Event "Asian Junior Chess Championship 2018"]
[Site "Central Palace of Culture of Mongolian Trade Union, Ulaanbaatar, Mongolia"]
[Date "2018.08.24"]
[Round "8"]
[Board "6"]
[White "Amina, Battsooj"]
[Black "Priyamvada, Karamcheti"]
[Result "1-0"]
[WhiteElo "2212"]
[BlackElo "1850"]
[PlyCount "0"]
[EventDate "2018.08.19"]
[EventRounds "9"]
[EventCountry "MGL"]

1. e4 c5 2. Nf3 e6 3. g3 d5 4. exd5 exd5 5. d4 Nc6 6. Bg2 cxd4 7. Nxd4 Bc5 8.
Nxc6 bxc6 9. O-O Nf6 10. Re1+ Be6 11. Nd2 O-O 12. Nb3 Bb6 13. Nd4 Bd7 14. Bf4 c5
15. Nb3 Be6 16. c3 Rc8 17. Qd2 a5 18. Nc1 Qd7 19. Nd3 Qa7 20. Bg5 c4 21. Bxf6
gxf6 22. Nf4 Kh8 23. Nxe6 fxe6 24. Rxe6 d4 25. Qf4 dxc3 26. bxc3 Bc7 27. Qf5 Be5
28. Re1 Qg7 29. Re3 Rc5 30. Qc2 Qd7 31. Bh3 Qb7 32. f4 Rb5 33. Qe2 Rb1+ 34. Bf1
Qd5 35. Re7 Bd6 36. Rd7 Qc6 37. Qg4 Rg8 38. Qf5 Rxf1+ 39. Kxf1 Qh1+ 40. Kf2
Qxh2+ 41. Ke1 Be7 42. Rdxe7 Qg1+ 43. Kd2 Rd8+ 44. Rd7 Qf2+ 45. Re2  1-0

[Event "Asian Junior Chess Championship 2018"]
[Site "Central Palace of Culture of Mongolian Trade Union, Ulaanbaatar, Mongolia"]
[Date "2018.08.24"]
[Round "8"]
[Board "7"]
[White "Enkhsaran, Batsaikhan"]
[Black "Meghna, C H"]
[Result "1/2-1/2"]
[WhiteElo "1498"]
[BlackElo "1892"]
[PlyCount "0"]
[EventDate "2018.08.19"]
[EventRounds "9"]
[EventCountry "MGL"]

1. d4 e6 2. Nf3 f5 3. c4 Nf6 4. Nc3 Bb4 5. Bg5 b6 6. e3 Bb7 7. Bd3 O-O 8. O-O d6
9. d5 Bxc3 10. bxc3 h6 11. Bxf6 Qxf6 12. Nd4 exd5 13. cxd5 Bxd5 14. Nxf5 Nd7 15.
Ng3 Nc5 16. Be2 Bb7 17. Qd4 Rae8 18. Bb5 Re5 19. f4 Re7 20. Rae1 a6 21. Be2 Kh8
22. Bg4 Be4 23. f5 Qg5 24. h3 d5 25. Nxe4 dxe4 26. f6 gxf6 27. Rf5 Qg7 28. Ref1
Re6 29. Qc4 Rd6 30. Rd5 Qf7 31. Rfd1 c6 32. R5d4 Qxc4 33. Rxc4 Rxd1+ 34. Bxd1
Rd8 35. Rd4 Rxd4 36. cxd4 Ne6 37. Bg4 Ng7 38. Bc8 a5 39. Bb7 c5 40. dxc5 bxc5
41. Bxe4 Kg8 42. Kf2 Kf7 43. Ke2 Ke6 44. Kd3 Ke5 45. Bf3 Nf5 46. g4 Nd6 47. Kc3
c4 48. Bc6 f5 49. gxf5 Kxf5 50. Bd5 Ke5 51. Bxc4 Ke4 52. Be6 Kxe3 53. Kb3 Kd4
 1/2-1/2

[Event "Asian Junior Chess Championship 2018"]
[Site "Central Palace of Culture of Mongolian Trade Union, Ulaanbaatar, Mongolia"]
[Date "2018.08.24"]
[Round "8"]
[Board "8"]
[White "Tsogzolmaa, Nanjid"]
[Black "Ulziikhishigjargal, Ochirkhuyag"]
[Result "1-0"]
[WhiteElo "1792"]
[BlackElo "1858"]
[PlyCount "0"]
[EventDate "2018.08.19"]
[EventRounds "9"]
[EventCountry "MGL"]

1. d4 d5 2. Nf3 c5 3. c3 Nc6 4. dxc5 e6 5. b4 a5 6. Nd4 Nge7 7. b5 Ne5 8. e3
N7g6 9. Ba3 Be7 10. f4 Nc4 11. Bxc4 dxc4 12. O-O O-O 13. Nd2 e5 14. fxe5 Nxe5
15. N4f3 Qd3 16. Nxe5 Qxe3+ 17. Kh1 Qxe5 18. Nxc4 Qxc3 19. Rc1 Bg4 20. Qxg4 Qd3
21. Rfd1 Qg6 22. Qxg6 fxg6 23. c6  1-0

[Event "Asian Junior Chess Championship 2018"]
[Site "Central Palace of Culture of Mongolian Trade Union, Ulaanbaatar, Mongolia"]
[Date "2018.08.24"]
[Round "8"]
[Board "9"]
[White "Enkhbolor, Nyamdavaa"]
[Black "Munkhzul, Davaakhuu"]
[Result "0-1"]
[WhiteElo "1563"]
[BlackElo "1823"]
[PlyCount "0"]
[EventDate "2018.08.19"]
[EventRounds "9"]
[EventCountry "MGL"]

1. e4 e5 2. Nf3 Nc6 3. d4 exd4 4. Nxd4 Nf6 5. Nxc6 bxc6 6. Bd3 d6 7. O-O Be7 8.
Nc3 O-O 9. h3 Rb8 10. f4 h6 11. Qf3 Re8 12. Kh2 Bf8 13. Qg3 c5 14. Kg1 Bb7 15.
Re1 c4 16. Bxc4 Nxe4 17. Nxe4 Bxe4 18. Bb3 d5 19. Be3 c5 20. Rad1 Rb6 21. Qf2
Qd7 22. Kh2 Rg6 23. g3 Qc6 24. a3 d4 25. Bc1 c4 26. Ba2 Bc5 27. Qe2 Re7 28. Qxc4
Rge6 29. Bd2 d3 30. Be3 Bh1 31. Rd2 Bxe3 32. Qxc6 Bxc6 33. Rxd3 Bg1+  0-1

[Event "Asian Junior Chess Championship 2018"]
[Site "Central Palace of Culture of Mongolian Trade Union, Ulaanbaatar, Mongolia"]
[Date "2018.08.24"]
[Round "8"]
[Board "10"]
[White "Oyudari, Batkhuu"]
[Black "Mandukhai, Myagmarsuren"]
[Result "0-1"]
[WhiteElo "1010"]
[BlackElo "1717"]
[PlyCount "0"]
[EventDate "2018.08.19"]
[EventRounds "9"]
[EventCountry "MGL"]

1. e4 e5 2. Nf3 Nc6 3. Bb5 a6 4. Ba4 Nf6 5. O-O Be7 6. Re1 b5 7. Bb3 d6 8. c3
O-O 9. h3 Nb8 10. d4 Nbd7 11. Nbd2 Bb7 12. Bc2 Re8 13. Nf1 Bf8 14. Ng3 g6 15.
Nh2 Bg7 16. Bg5 h6 17. Bd2 exd4 18. cxd4 c5 19. d5 Ne5 20. Nf3 Nc4 21. Bc3 b4
22. Bxf6 Qxf6 23. Qe2 Bxd5 24. Qd3 Be6 25. b3 Na3 26. Qe2 Nxc2 27. Qxc2 Bxh3 28.
e5 dxe5 29. Qxc5 e4 30. Nxe4 Rxe4 31. Rxe4 Qxa1+ 32. Re1 Qf6 33. Qxb4 Bf5 34.
Qb7 Rd8 35. Rc1 Re8 36. Qb4 g5 37. Qa4 Rd8 38. Rc6 Qa1+ 39. Kh2 Be5+ 40. Nxe5
Qxe5+ 41. f4 gxf4 42. Qxa6 f3+  0-1

[Event "Asian Junior Chess Championship 2018"]
[Site "Central Palace of Culture of Mongolian Trade Union, Ulaanbaatar, Mongolia"]
[Date "2018.08.24"]
[Round "8"]
[Board "11"]
[White "Margadgua, Erdenebayar"]
[Black "Bayasgalan, Khishigbaatar"]
[Result "1-0"]
[WhiteElo "1619"]
[BlackElo "1524"]
[PlyCount "0"]
[EventDate "2018.08.19"]
[EventRounds "9"]
[EventCountry "MGL"]

1. e4 c5 2. Nf3 e6 3. d4 cxd4 4. Nxd4 a6 5. c4 Qc7 6. Nc3 Nf6 7. Be3 Bb4 8. Qd3
Nc6 9. Nc2 Bxc3+ 10. bxc3 Ne5 11. Qd4 O-O 12. f3 Nc6 13. Qd2 d6 14. Bd3 Ne5 15.
Qe2 Bd7 16. Bg5 Nxd3+ 17. Qxd3 Rac8 18. Bxf6 gxf6 19. Ne3 Qc5 20. Qd4 e5 21.
Qxc5 Rxc5 22. Rb1 b5 23. cxb5 axb5 24. Nd5 Kg7 25. Kd2 Be6 26. Nb4 Ra8 27. Rb2
Ra3 28. Rc1 Kg6 29. Rcc2 f5 30. Nd3 Rc8 31. exf5+ Kxf5 32. Rxb5 Rxa2 33. Rxa2
Bxa2 34. Nb4 Bc4 35. Rb6 Rd8 36. Nc6 Rd7 37. Na5 Bf1 38. g3 d5 39. h4 Ra7 40.
Nc6 Rc7 41. Ke3 Bc4 42. Ne7+  1-0

[Event "Asian Junior Chess Championship 2018"]
[Site "Central Palace of Culture of Mongolian Trade Union, Ulaanbaatar, Mongolia"]
[Date "2018.08.24"]
[Round "8"]
[Board "13"]
[White "Khaliunaa, Gankhulug"]
[Black "Amartuvshin, Naransolongo"]
[Result "1-0"]
[WhiteElo "1587"]
[BlackElo "1262"]
[PlyCount "0"]
[EventDate "2018.08.19"]
[EventRounds "9"]
[EventCountry "MGL"]

1. d4 Nf6 2. c4 g6 3. g3 Bg7 4. Bg2 d6 5. Nf3 O-O 6. Nc3 Nbd7 7. O-O e5 8. e4 b6
9. Qc2 Bb7 10. d5 Nh5 11. Bd2 a6 12. Rfe1 Kh8 13. b4 Qe7 14. Bh3 Bc8 15. a4 Ndf6
16. Bg2 Ng8 17. a5 f5 18. axb6 cxb6 19. exf5 Bxf5 20. Qb3 Bg4 21. Ng5 Bh6 22.
Nce4 Nhf6 23. Bc3 Bg7 24. f4 Nxe4 25. Nxe4 exf4 26. Nf6 Be2 27. Rxe2 Qxe2 28.
Re1 Qxe1+ 29. Bxe1 Rxf6 30. Bc3 Rf7 31. Bxg7+ Kxg7 32. Qc3+ Nf6 33. gxf4 Rc8 34.
Bh3 Rcc7 35. Be6 Rf8 36. Qd4 Rb8 37. f5 a5 38. Qf4 Rd8 39. Qd4 Rb8 40. Qf4 Rd8
41. Qe3 Rb8 42. Qf4 Rd8 43. Qe3 Rb8 44. Qb3 Ra7 45. Qa3 a4 46. b5 Rd8 47. Kf1
Ne4 48. Ke2 Nf6 49. h3 Nh5 50. Ke3 Kf6 51. h4 gxf5 52. Qa1+ Kg6 53. Qg1+ Kf6 54.
Qg5+ Ke5 55. Qxf5#  1-0

[Event "Asian Junior Chess Championship 2018"]
[Site "Central Palace of Culture of Mongolian Trade Union, Ulaanbaatar, Mongolia"]
[Date "2018.08.24"]
[Round "8"]
[Board "14"]
[White "Khanyl, Chuluuntuya"]
[Black "Khongorzul, Davaakhuu"]
[Result "0-1"]
[WhiteElo "1402"]
[BlackElo "1633"]
[PlyCount "0"]
[EventDate "2018.08.19"]
[EventRounds "9"]
[EventCountry "MGL"]

1. d4 d5 2. Nf3 Bg4 3. Bf4 Nf6 4. e3 Nbd7 5. Nbd2 a6 6. Be2 e6 7. Bg5 Be7 8. Ne5
Bxe2 9. Qxe2 c5 10. c3 h6 11. Bh4 g5 12. Bg3 Qb6 13. Rb1 Bd6 14. Nxd7 Nxd7 15.
O-O h5 16. Bxd6 Qxd6 17. e4 O-O-O 18. Nf3 g4 19. Nd2 h4 20. Qxg4 Rdg8 21. Qf3
Rh7 22. e5 Qe7 23. Qe3 Rhg7 24. g3 f5 25. Nf3 Rg4 26. Kh1 Qh7 27. Nxh4 f4 28.
Qf3 Qh5 29. Ng2 Rh8 30. Nh4 Rxh4 31. Qxh5 R4xh5 32. h4 Nf8 33. dxc5 f3 34. Rbe1
Ng6 35. Re3 Nxh4 36. Rxf3 Nf5+ 37. Kg2 Rh2+ 38. Kg1 Rh1+ 39. Kg2 R8h2#  0-1

[Event "Asian Junior Chess Championship 2018"]
[Site "Central Palace of Culture of Mongolian Trade Union, Ulaanbaatar, Mongolia"]
[Date "2018.08.24"]
[Round "8"]
[Board "15"]
[White "Chan, Lyanna"]
[Black "Anandpara, Jayendra Saloni"]
[Result "0-1"]
[WhiteElo "1324"]
[BlackElo "1346"]
[PlyCount "0"]
[EventDate "2018.08.19"]
[EventRounds "9"]
[EventCountry "MGL"]

1. e4 e5 2. d3 Nf6 3. Nd2 Bc5 4. Ngf3 Nc6 5. Nb3 Bb6 6. g3 O-O 7. Bg2 d6 8. O-O
Be6 9. Bd2 Qd7 10. Qc1 Rfe8 11. Bh6 g6 12. Nh4 Bh3 13. Qg5 Nh5 14. Bxh3 Qxh3 15.
g4 f6 16. Qd2 Qxh4 17. gxh5 Qxh5 18. Kh1 Kf7 19. Be3 Qf3+ 20. Kg1 Rg8 21. Qc3
Rac8 22. Qc4+ Ke7 23. Bd2 Nb8 24. Bb4 c5 25. Bc3 f5 26. Qd5 Nc6 27. Rad1 Rcd8
28. a4 a5 29. Nd2 Qg4+ 30. Kh1 f4 31. Rg1 Qe6 32. Nf3 h6 33. Rg2 Rg7 34. Rdg1 g5
35. Qxe6+ Kxe6 36. h4 Kf6 37. hxg5+ hxg5 38. Rxg5 Rh8+ 39. Kg2 Rxg5+ 40. Nxg5
Kxg5 41. Kf3+ Kf6 42. Ke2 Rh2 43. b3 Nb4 44. Bxb4 cxb4 45. Rf1 Bd4 46. Kf3 Ke6
47. Ke2 d5 48. Kf3 Kd6 49. Ke2 Rh3 50. Rg1 dxe4 51. dxe4 Rh2 52. Rf1 Kc5 53. Kf3
Rh3+ 54. Kg2 Rc3 55. Rc1 f3+ 56. Kf1 b5 57. axb5 Kxb5 58. Ke1 a4 59. bxa4+ Kxa4
60. Ra1+ Kb5 61. Ra2 Kc4 62. Kf1 Ra3 63. Rxa3 bxa3 64. Ke1 a2 65. Kd2 a1=Q 66.
c3 Qxc3+ 67. Kd1 Qb2 68. Ke1 Qc1#  0-1

[Event "Asian Junior Chess Championship 2018"]
[Site "Central Palace of Culture of Mongolian Trade Union, Ulaanbaatar, Mongolia"]
[Date "2018.08.25"]
[Round "9"]
[Board "1"]
[White "Nomindalai, Tumurbaatar"]
[Black "Uuriintuya, Uurtsaikh"]
[Result "0-1"]
[WhiteElo "1877"]
[BlackElo "2313"]
[PlyCount "0"]
[EventDate "2018.08.19"]
[EventRounds "9"]
[EventCountry "MGL"]

1. d4 Nf6 2. Bg5 c5 3. d5 Qb6 4. Nc3 Qxb2 5. Bd2
Qb6 6. e4 d6 7. f4 e6 8. Rb1 Qc7 9. Bb5+ Bd7 10.
dxe6 fxe6 11. Nf3 Nc6 12. O-O Be7 13. Bc4 Nd4 14. e5
dxe5 15. Nxe5 O-O 16. Ne2 Kh8 17. Nxd4 cxd4 18. Nxd7 Qxd7 19.
Qe2 Bc5
20. Qe5 d3+ 21. Qxc5 dxc2 22. Rbe1 Qxd2 23. Bxe6 Rad8 24. g3
b6 25. Qc4 Rd4 26. Qc6 Rd6 27. Qc4 c1=Q 28. Rxc1 Qe3+ 29. Kg2 Qxe6 30. Qxe6 Rxe6 31.
Rf2 Rfe8 32. Kf1 b5 33. h3 Ne4 34. Rg2 b4 35. g4 Nc3 36. f5 Rd6 37.
a3 bxa3
38. Rxc3 Rd1+ 39. Kf2 a2  0-1

[Event "Asian Junior Chess Championship 2018"]
[Site "Central Palace of Culture of Mongolian Trade Union, Ulaanbaatar, Mongolia"]
[Date "2018.08.25"]
[Round "9"]
[Board "2"]
[White "Isha, Sharma"]
[Black "Chitlange, Sakshi"]
[Result "0-1"]
[WhiteElo "2145"]
[BlackElo "2144"]
[PlyCount "0"]
[EventDate "2018.08.19"]
[EventRounds "9"]
[EventCountry "MGL"]

1. e4 c6 2. c4 d5 3. exd5 cxd5 4. cxd5 Nf6 5. Nc3
Nxd5 6. Nf3 Nxc3 7. bxc3 Qc7 8. d4 g6 9. Bb5+ Bd7 10.
Bxd7+ Nxd7 11. O-O Bg7 12. Re1 Nb6 13. Bg5 Nc8 14. Qa4+ Qd7 15. Qb4 a5 16. Qa3 Ra6 17. Rab1 h6 18.
Bh4 g5
19. Bg3 O-O 20. Ne5 Bxe5 21. Rxe5 Nd6 22. Qb3 a4 23. Qb4
Rc8 24. Rc5 Ne4 25. Rxc8+ Qxc8 26. c4 Rc6 27. c5 b6 28. Qxa4 Nc3 29. Qb3 Nxb1 30.
Qxb1 bxc5 31. d5 Ra6 32. h3 c4 33. Be5 Ra5 34. Bc3
Rxd5 35. Qe4 Qe6 36. Qf3 Qf5 37. Qe2 Rd3 38. Qb2 Rd1+ 39.
Kh2 Rb1
40. Qe2 Qd3 41. Qe5 Qd6 42. a4 Qxe5+ 43. Bxe5 Rb3 44. a5
Ra3  0-1

[Event "Asian Junior Chess Championship 2018"]
[Site "Central Palace of Culture of Mongolian Trade Union, Ulaanbaatar, Mongolia"]
[Date "2018.08.25"]
[Round "9"]
[Board "3"]
[White "Altantuya, Boldbaatar"]
[Black "Omurbekova, Diana"]
[Result "1-0"]
[WhiteElo "2174"]
[BlackElo "1868"]
[PlyCount "0"]
[EventDate "2018.08.19"]
[EventRounds "9"]
[EventCountry "MGL"]

1. d4 Nf6 2. Nf3 g6 3. Bf4 Bg7 4. e3 O-O 5. h3
d6 6. Nbd2 Nbd7 7. c3 Nh5 8. Bh2 c6 9. Be2 Nhf6 10.
O-O Ne8
11. Qc2 e5 12. dxe5 dxe5 13. Nc4 Qe7 14. a4 f5 15. Rfd1 Kh8 16. a5 g5 17. a6 b6 18. b4 h5 19.
Rxd7 Bxd7 20. Nfxe5 Rf6 21. Bxh5 b5 22. Nxd7 bxc4 23. Nxf6 Qxf6 24. Rc1 Rd8 25. Be2 f4 26. exf4 gxf4 27.
Bxc4 Nd6 28. Ba2 Nb5 29. Bb1 Kg8 30. Qh7+ Kf8 31. Ba2
Nxc3 32. Qg8+ Ke7 33. Re1+ Kd7 34. Qe6+ Qxe6 35. Bxe6+ Kc7 36.
Bxf4+ Kb6 37. Bc4 Nd5 38. Bxd5 Rxd5 39. Re7 Bc3 40. Be3+ Kxa6 41. Rxa7+ Kb5 42.
Rb7+ Kc4 43. Bc5 Rd1+ 44. Kh2 Rb1 45. g4 Bxb4 46. Rxb4+ Rxb4 47. Bxb4
Kxb4 48. g5  1-0

[Event "Asian Junior Chess Championship 2018"]
[Site "Central Palace of Culture of Mongolian Trade Union, Ulaanbaatar, Mongolia"]
[Date "2018.08.25"]
[Round "9"]
[Board "4"]
[White "Lu, Miaoyi"]
[Black "Aakanksha, Hagawane"]
[Result "0-1"]
[WhiteElo "1691"]
[BlackElo "2292"]
[PlyCount "0"]
[EventDate "2018.08.19"]
[EventRounds "9"]
[EventCountry "MGL"]

1. d4 e6 2. c4 b6 3. e4 Bb7 4. Bd3 Bb4+ 5. Bd2
Bxd2+ 6. Nxd2 Ne7 7. Ne2 O-O 8. O-O d6 9. f4 Nd7 10.
Qe1 c5
11. d5 exd5 12. exd5 Ng6 13. Qg3 Re8 14. Ne4 Nf6 15. N2c3 Nxe4 16. Nxe4 f5 17. Ng5 Qf6 18. Qh3 h6 19.
Ne6 Rxe6 20. dxe6 Qd4+ 21. Kh1 Re8 22. Qh5 Qf6 23. Bxf5 Bxg2+ 24. Kxg2 Qxf5 25. Qxf5 Nh4+ 26. Kf2 Nxf5 27.
Rfe1 Kf8 28. Rad1 Ke7 29. Kf3 Rf8 30. Kg4 g6 31. Rd5
Ng7 32. Red1 Nf5 33. Re1 Ng7 34. Red1 Ne8 35. Re1 Nf6+ 36. Kf3 Nxd5 37. cxd5 g5 38. Re4 h5 39. Ra4 a5 40.
Ke3 Rf5
41. fxg5 Rxg5 42. a3 Re5+ 43. Kd3 Rxd5+ 44. Kc3 Kxe6 45. b4
Rd4 46. h3 Rh4 47. Kb3 cxb4 48. axb4 Rxb4+ 49. Rxb4 axb4 50.
Kxb4 d5
51. Kc3 b5 52. Kd4 b4 53. Kd3 Ke5 54. Kd4+  0-1

[Event "Asian Junior Chess Championship 2018"]
[Site "Central Palace of Culture of Mongolian Trade Union, Ulaanbaatar, Mongolia"]
[Date "2018.08.25"]
[Round "9"]
[Board "5"]
[White "Bidhar, Rutumbara"]
[Black "Tsogzolmaa, Nanjid"]
[Result "0-1"]
[WhiteElo "2036"]
[BlackElo "1792"]
[PlyCount "0"]
[EventDate "2018.08.19"]
[EventRounds "9"]
[EventCountry "MGL"]

1. e4 e6 2. d4 d5 3. exd5 exd5 4.
Bd3 Nc6
5. c3 Bd6 6. Nf3 Nge7 7. Qc2 Bg4 8. Nbd2 Qd7 9. O-O
Bf5 10. Re1 O-O 11. b4 a6 12. Nb3 b6 13. Ne5 Bxe5 14.
dxe5 Bxd3 15. Qxd3 f6 16. exf6 Rxf6 17. Bg5 Rf7 18. Rad1 h6 19. Bxe7 Nxe7 20. c4 Raf8 21. Rd2 Qg4 22.
cxd5 Qxb4 23. Re4 Qa3 24. Re6 Nf5 25. Qe2 a5 26. Re8
Rxe8 27. Qxe8+ Qf8 28. Qb5 Nd6 29. Qd3 Qe8 30. Re2 Re7 31.
Kf1 Rxe2 32. Qxe2 Qe4 33. Qd1 Qc4+ 34. Kg1 a4 35. Nc1
Ne4 36. Ne2 Qxa2 37. f3 Qd2 38. Qxd2 Nxd2 39. Nc3 a3 40.
Kf2 Nb3
41. Na2 Kf7 42. Ke3 Ke7 43. Kd3 Kd6 44. Kc4 Nd2+ 45. Kd3
Nb3 46. Kc3 Na5 47. Kd4 b5 48. Nb4 c5+ 49. dxc6 Nxc6+
 0-1

[Event "Asian Junior Chess Championship 2018"]
[Site "Central Palace of Culture of Mongolian Trade Union, Ulaanbaatar, Mongolia"]
[Date "2018.08.25"]
[Round "9"]
[Board "6"]
[White "Meghna, C H"]
[Black "Amina, Battsooj"]
[Result "1-0"]
[WhiteElo "1892"]
[BlackElo "2212"]
[PlyCount "0"]
[EventDate "2018.08.19"]
[EventRounds "9"]
[EventCountry "MGL"]

1. e4 e5 2. Nf3 Nc6 3. Bb5 a6 4. Ba4 Nf6 5. Qe2 b5 6. Bb3 Bc5 7. a4 Rb8 8. axb5
axb5 9. d3 O-O 10. Bg5 Be7 11. O-O h6 12. Bh4 d6 13. Nbd2 Nh5 14. Bxe7 Qxe7 15.
g3 Bg4 16. c3 Qf6 17. Qe3 Ne7 18. Ra7 c5 19. Rfa1 b4 20. d4 exd4 21. cxd4 Nc6
22. R7a6 Nxd4 23. Nxd4 cxd4 24. Qd3 Bd7 25. R1a5 Qg6 26. Qxd4 Rfc8 27. Bc4 Bc6
28. Qa7 Ba8 29. Qd4 Bc6 30. e5 dxe5 31. Qxe5 Qc2 32. Rxc6 Qxd2 33. Bxf7+ Kxf7
34. Qe6+ Kf8 35. Rxc8+ Rxc8 36. Qxc8+ Kf7 37. Qc4+ Ke7 38. Re5+ Kf8 39. Qc8+  1-0

[Event "Asian Junior Chess Championship 2018"]
[Site "Central Palace of Culture of Mongolian Trade Union, Ulaanbaatar, Mongolia"]
[Date "2018.08.25"]
[Round "9"]
[Board "7"]
[White "Munkhzul, Davaakhuu"]
[Black "Enkhsaran, Batsaikhan"]
[Result "0-1"]
[WhiteElo "1823"]
[BlackElo "1498"]
[PlyCount "0"]
[EventDate "2018.08.19"]
[EventRounds "9"]
[EventCountry "MGL"]

1. e4 e6 2. d4 d5 3. Nd2 dxe4 4. Nxe4 Nf6 5. Ng3 c5 6. Nf3 Nc6 7. Be3 Qb6 8. Be2
cxd4 9. Nxd4 Bc5 10. Nxc6 Bxe3 11. fxe3 bxc6 12. O-O Qxe3+ 13. Kh1 O-O 14. Bd3
Bb7 15. Rf3 Qe5 16. Qf1 c5 17. Re1 Qg5 18. Rf4 Rad8 19. Ne4 Nxe4 20. Bxe4 Rd4
21. h3 f5 22. Bxb7 Rxf4 23. Qa6 h6 24. Qxa7 Qg3 25. Rd1 Qf2 26. Qb6 Qe2 27. Rg1
Rb4 28. Qc6 Rxb2 29. Bc8 Rxc2 30. a4 Kh7 31. a5 Ra2 32. Qxc5 Rxc8 33. Qxc8 Rxa5
34. Qc3 Rd5 35. Qb3 Rb5 36. Qa4 Qd3 37. Qa2 e5 38. Qe6 f4 39. Re1 f3 40. gxf3
Qxf3+ 41. Kg1 Rb2 42. Qg4 Qf2+ 43. Kh1 Qh2#  0-1

[Event "Asian Junior Chess Championship 2018"]
[Site "Central Palace of Culture of Mongolian Trade Union, Ulaanbaatar, Mongolia"]
[Date "2018.08.25"]
[Round "9"]
[Board "8"]
[White "Priyamvada, Karamcheti"]
[Black "Udval, Enkhsaikhan"]
[Result "1/2-1/2"]
[WhiteElo "1850"]
[BlackElo "1599"]
[PlyCount "0"]
[EventDate "2018.08.19"]
[EventRounds "9"]
[EventCountry "MGL"]

1. d4 d5 2. c4 c6 3. Nc3 Nf6 4. e3 e6 5. Nf3 Nbd7 6. Bd3 dxc4 7. Bxc4 b5 8. Bd3
Bb7 9. e4 b4 10. Na4 c5 11. e5 Nd5 12. O-O cxd4 13. Re1 g6 14. Bg5 Qa5 15. Bd2
Rc8 16. Nxd4 a6 17. a3 Qd8 18. axb4 Nxb4 19. Bc3 Nxd3 20. Qxd3 Nb6 21. Nxb6 Qxb6
22. Ba5 Qc5 23. Qb3 Qd5 24. Qa4+ Qd7 25. Qxd7+ Kxd7 26. Red1 Bd5 27. Bc3 Ra8 28.
Ne2 Bh6 29. Nd4 Rhb8 30. Nc2 a5 31. g3 Kc6 32. Ra4 Bg5 33. h4 Bd8 34. Rf4 Ra7
35. Ne3 Rb5 36. Nxd5 Rxd5 37. Rxd5 exd5 38. Kf1 Kb5 39. Ke2 Rd7 40. Kd3 Bb6 41.
h5 gxh5 42. Rh4 Bxf2 43. Rxh5 Bxg3 44. Rxh7 Kc6 45. Bd4 Bf4 46. Rh4 Bg5 47. Rh5
Bd8 48. Rh6+ Kb5 49. Rh7 Re7 50. Rh8 Bc7 51. Rh6 Re6 52. Rh5 a4 53. Rf5 Re7 54.
Kc3 Bd8 55. Kd3 Rd7 56. Rh5 Kb4 57. Bc3+ Kb3 58. Bd4 Kb4 59. Bc3+ Kc5 60. Bd4+
Kb5 61. Rh7 Re7 62. Rh5 Bc7 63. Rf5 Bd8 64. Rh5 Re8 65. Rf5 Re7 66. Rh5 Rd7
 1/2-1/2

[Event "Asian Junior Chess Championship 2018"]
[Site "Central Palace of Culture of Mongolian Trade Union, Ulaanbaatar, Mongolia"]
[Date "2018.08.25"]
[Round "9"]
[Board "9"]
[White "Mandukhai, Myagmarsuren"]
[Black "Khaliunaa, Gankhulug"]
[Result "1/2-1/2"]
[WhiteElo "1717"]
[BlackElo "1587"]
[PlyCount "0"]
[EventDate "2018.08.19"]
[EventRounds "9"]
[EventCountry "MGL"]

1. d4 Nf6 2. c4 e6 3. Nc3 Bb4 4. e3 O-O 5. Bd3 d5 6. Nf3 c5 7. cxd5 exd5 8. O-O
Nc6 9. a3 Bxc3 10. bxc3 c4 11. Bb1 Bg4 12. Qc2 Ne4 13. Ne1 Bf5 14. f3 Nd6 15.
Qb2 Bxb1 16. Qxb1 Re8 17. Ra2 b5 18. Re2 f5 19. g3 a5 20. Ng2 b4 21. axb4 axb4
22. cxb4 Nb5 23. Ree1 Qd7 24. Nf4 Ra4 25. Bd2 c3 26. Bxc3 Nxc3 27. Qb3 Nxb4 28.
Qxc3 Rc8 29. Qb3 g5 30. Ne2 Nc2 31. Nc3 Rac4 32. Qxc2 Rxc3 33. Qb1 Qe6 34. e4
dxe4 35. fxe4 fxe4 36. Qxe4 Qxe4 37. Rxe4 Rd3 38. Rf5 h6 39. Kg2 Rd8 40. Rf6
R3xd4 41. Ree6 g4 42. Rg6+ Kf7 43. Rgf6+ Kg7  1/2-1/2

[Event "Asian Junior Chess Championship 2018"]
[Site "Central Palace of Culture of Mongolian Trade Union, Ulaanbaatar, Mongolia"]
[Date "2018.08.25"]
[Round "9"]
[Board "10"]
[White "Udval, Batkhishig"]
[Black "Margadgua, Erdenebayar"]
[Result "1-0"]
[WhiteElo "1608"]
[BlackElo "1619"]
[PlyCount "0"]
[EventDate "2018.08.19"]
[EventRounds "9"]
[EventCountry "MGL"]

1. e4 c5 2. d4 cxd4 3. c3 dxc3 4. Nxc3 Nc6 5. Nf3 e6 6. Bc4 a6 7. O-O Nge7 8.
Qe2 Ng6 9. Rd1 Be7 10. Be3 b5 11. Bd3 Bb7 12. Rac1 O-O 13. Bb1 Na5 14. Nd2 Rc8
15. a3 Bg5 16. b4 Bxe3 17. Qxe3 Nc4 18. Nxc4 Rxc4 19. Ba2 Rc7 20. Bb3 Qf6 21.
Nd5 Bxd5 22. Rxc7 Bc6 23. Ra7 Nf4 24. f3 Qg5 25. Qd2 Nxg2 26. Qxg5  1-0

[Event "Asian Junior Chess Championship 2018"]
[Site "Central Palace of Culture of Mongolian Trade Union, Ulaanbaatar, Mongolia"]
[Date "2018.08.25"]
[Round "9"]
[Board "11"]
[White "Khongorzul, Davaakhuu"]
[Black "Enkhbolor, Nyamdavaa"]
[Result "1-0"]
[WhiteElo "1633"]
[BlackElo "1563"]
[PlyCount "0"]
[EventDate "2018.08.19"]
[EventRounds "9"]
[EventCountry "MGL"]

1. e4 e6 2. d4 d5 3. Nd2 dxe4 4. Nxe4 Nd7 5. c3 Ngf6 6. Bg5 Be7 7. Bxf6 Nxf6 8.
Nxf6+ Bxf6 9. Nf3 O-O 10. Bd3 b6 11. Be4 Rb8 12. h4 Bb7 13. Bxb7 Rxb7 14. g4 Qd5
15. Rg1 c5 16. g5 Be7 17. Qe2 cxd4 18. O-O-O Qxa2 19. Rxd4 Ba3 20. Qc2 Qa1+ 21.
Qb1 Bxb2+ 22. Kc2 Qxb1+ 23. Rxb1 Ba3 24. Ne5 Bc5 25. Rd2 Re7 26. Ra1 f6 27. Nd7
Rff7 28. Rxa7 Re8 29. gxf6 gxf6 30. Rb7 Ra8 31. Kb1 Ra5 32. h5 h6 33. Re2 e5 34.
f4 exf4 35. Rg2+ Kh8 36. Rg6 Bf8 37. Nxf6 Bg7 38. Rxf7 Bxf6 39. Rfxf6 Rxh5 40.
Rxh6+ Rxh6 41. Rxh6+ Kg7 42. Rxb6 f3 43. Rb2  1-0

[Event "Asian Junior Chess Championship 2018"]
[Site "Central Palace of Culture of Mongolian Trade Union, Ulaanbaatar, Mongolia"]
[Date "2018.08.25"]
[Round "9"]
[Board "12"]
[White "Ulziikhishigjargal, Ochirkhuyag"]
[Black "Oyudari, Batkhuu"]
[Result "1-0"]
[WhiteElo "1858"]
[BlackElo "1010"]
[PlyCount "0"]
[EventDate "2018.08.19"]
[EventRounds "9"]
[EventCountry "MGL"]

1. e4 c5 2. Nf3 d6 3. d4 cxd4 4. Nxd4 Nf6 5. f3 a6 6. c4 e6 7. Nc3 Be7 8. Be3
O-O 9. Qd2 Nc6 10. Be2 Qc7 11. O-O Nxd4 12. Bxd4 e5 13. Be3 Be6 14. Rfc1 Qd7 15.
a4 a5 16. b3 Qc6 17. Nd5 Bxd5 18. cxd5 Qd7 19. Bb6 Bd8 20. Qe3 Nh5 21. Bb5 Qe7
22. Rc2 Nf4 23. Rac1 g6 24. Kh1 Kg7 25. g3 Nh5 26. Bxd8 Qxd8 27. Rc7 Qb8 28. Qb6
Ra7 29. Qxd6 Kg8 30. Qxe5 b6 31. Qe7 Rxc7 32. Rxc7 Qd8 33. Qxd8 Rxd8 34. Rb7 Rc8
35. Bc4 Nf6 36. Rxb6 Nd7 37. Rc6 Rb8 38. f4 g5 39. Kg2 gxf4 40. gxf4 Nb6 41. Kf3
Nxc4 42. bxc4 Rb3+ 43. Kg4 Rb4 44. d6 Kf8 45. Rc8+  1-0